Library of the University of Algiers 3
Ibrahim Sultan Cheibout
شعار جامعة الجزائر 3
مكتبة جامعة الجزائر 3
إبراهيم سلطان شيبوط

أحكام الفوائد في القانون المدني : (رقم التسجيلة. 42361)

تفاصيل مارك
000 -LEADER
fixed length control field 01400nam a2200217Ia 4500
003 - CONTROL NUMBER IDENTIFIER
control field Ost
005 - DATE AND TIME OF LATEST TRANSACTION
control field 20260507075028.0
008 - FIXED-LENGTH DATA ELEMENTS--GENERAL INFORMATION
fixed length control field 260507s9999||||xx |||||||||||||| ||und||
040 ## - CATALOGING SOURCE
Transcribing agency fsecg
041 ## - LANGUAGE CODE
Language code of text/sound track or separate title ara
082 ## - DEWEY DECIMAL CLASSIFICATION NUMBER
Classification number 330
100 ## - MAIN ENTRY--PERSONAL NAME
Personal name العمروسي، أنور
Relator term مؤلف
245 #0 - TITLE STATEMENT
Title أحكام الفوائد في القانون المدني :
Remainder of title فوائد التأخير-سعر الفائدة في المواد المدنية والتجارية-تخفيض الفائدة /
Statement of responsibility, etc. أنور العمروسي
260 ## - PUBLICATION, DISTRIBUTION, ETC.
Place of publication, distribution, etc. الإسكندرية:
Name of publisher, distributor, etc. دار الفكر الجامعي,
Date of publication, distribution, etc. 2003
300 ## - PHYSICAL DESCRIPTION
Extent 107 صفحة؛
Other physical details إيضاحات ؛
Dimensions 24 سم
520 ## - SUMMARY, ETC.
Summary, etc. فوائد التأخير في الوفاء، الفائدة الإتفاقية، فائدة المستثمر وشروط تخفيضها، إثبات الضرر للإستحقاق، فائد التأخير القانونية في الإتفاقية، أثر إطالة أمر التقاض في إستحقاق الفوائد، في فوائد توزيع ثمن البيع وقواعد إستحقاقها،أحكام المطالبة بتعويض تكميلي يضاف الى الفوائد، فوائد على متجمد الفوائد، سعر الفوائد التجارية على الحساب الجاري
653 ## - INDEX TERM--UNCONTROLLED
Uncontrolled term الأرباح
653 ## - INDEX TERM--UNCONTROLLED
Uncontrolled term الفوائد
653 ## - INDEX TERM--UNCONTROLLED
Uncontrolled term القانون المدني
942 ## - ADDED ENTRY ELEMENTS (KOHA)
Koha item type كتب
المقتنيات
Withdrawn status Lost status Source of classification or shelving scheme Damaged status Not for loan Home library Current library Date acquired Serial enumeration / chronology Inventory number Total checkouts Full call number Barcode Date last seen Price effective from Koha item type
    Dewey Decimal Classification   NOT LOAN / إعارة داخلية مكتبة كلية العلوم الإقتصادية والعلوم التجارية وعلوم التسيير مكتبة كلية العلوم الإقتصادية والعلوم التجارية وعلوم التسيير 07/05/2026 الطابق الثاني 1/202   أ/202ن1 1/202 07/05/2026 07/05/2026 كتب

موارد الويب المفتوحة


© University of Algiers 3 All Rights Reserved
|
Implemented by LECHELAH Riad